000 01003nam a2200265 i 4500
001 106020
003 ES-MaACL
005 20251013063108.0
007 t|
008 060920q1930 sp |||| | spa d
040 _cES-MaACL
080 _a338.1(460)"1902/31"
100 1 _aLeval, Gastón,
_d1895-1978
_9242245
_eaut
245 1 0 _aProblemas económicos de la revolución social española /
_cPedro R. Piller (Gastón Leval) ; prefacio de Luis Fabbri.
250 _aSegunda edición ampliada y reforzada documentalmente.
260 _aValencia :
_bBiblioteca Estudios,
_c[ca. 1930]
300 _a206 páginas ;
_c19 cm.
651 7 _aEspaña-
_xSituación económica-
_y1902-1931
_9158843
700 1 _9242341
_aFabbri, Luigi,
_d1877-1935
_eaui
852 _aES-MaACL
_jAND-740
_9110033
_cDEPO2
_hBiblioteca Juan Andrade
903 _921511
_aAndrade, Juan,
_d1897-1981
_ednr
942 _cMONOGRAFIA
_n0
999 _c106020
_d106020